000 00191nam a2200085 4500
001 1258935
005 20260406103821.0
245 _aLİMON KÜTÜPHANESİ
_cJO COTTERİLL
260 _bGENÇ TİMAŞ
999 _c1258935
_d1258935